Wird geladen...

National seniar on sire selection for milk production enhancement in tropics November 20-22,2002 Mattupatti, Kerala

Bibliographische Detailangaben
1. Verfasser: Govt. of Kerala Compedium of papers
Format: Printed Book
Sprache:Undetermined
Veröffentlicht: Kerala 2002
kerala live stocle development board govt of
Schlagworte:
LPM
LEADER 00761nam a2200217Ia 4500
008 141122s9999 xx 000 0 und d
040 |c . 
041 |a English 
082 |a 636.082 
082 |b GOV/NA 
100 |a Govt. of Kerala Compedium of papers 
245 |a National seniar on sire selection for milk production enhancement in tropics November 20-22,2002 Mattupatti, Kerala 
245 |c Govt. of Kerala Compedium of papers 
260 |b Kerala 
260 |b kerala live stocle development board govt of  
260 |c 2002 
300 |a 175 Pages 
650 |a LPM 
942 |c BK 
999 |c 2059  |d 2059 
952 |0 0  |1 0  |4 0  |6 636_082000000000000_GOVNA  |7 0  |9 2036  |a COVAS  |b COVAS  |d 0000-00-00  |l 1  |m 1  |o 636.082 GOV/NA  |p 17167  |r 2015-09-18  |s 2015-06-17  |w 2014-11-26  |y BK